000 00374nam a2200169Ia 4500
003 IT-RoPAU
008 120407s9999 xx 000 0 und d
040 _aIT-RoPAU
040 _cIT-RoPAU
100 _aAngelico M. Arrighini
245 _aEcce homo! La settimana santa predicata
250 _aTorino
260 _aSei
300 _c cm
490 _v1
942 _cBK
999 _c11516
_d11516